[Event "TUR-chT2"]
[Site "Konya"]
[Date "2018.07.14"]
[Round "8.7"]
[White "Gokdemir, Hasan"]
[Black "Peksen, Emirhan"]
[Result "1-0"]
[WhiteElo "1548"]
[BlackElo "1697"]
[PlyCount "77"]
[EventDate "2018.07.10"]
[EventType "team-swiss"]
[EventRounds "9"]
[EventCountry "TUR"]
[SourceTitle "EXT 2019"]
[Source "ChessBase"]
[SourceDate "2018.10.10"]
[SourceVersion "1"]
[SourceVersionDate "2018.10.10"]
[SourceQuality "1"]
[WhiteTeam "Artvin Il Ozel"]
[BlackTeam "Trabzon Feda"]
[WhiteTeamCountry "TUR"]
[BlackTeamCountry "TUR"]

1. d4 d5 2. Nf3 Nf6 3. e3 c6 4. Bd3 Bg4 5. b3 Nbd7 6. Bb2 e6 7. 0-0 Bd6 8. Nbd2 e5 9. dxe5 Bxe5 10. Bxe5 Nxe5 11. Be2 Bxf3 12. Nxf3 Qc7 13. Qd4 Nxf3+ 14. Bxf3 0-0 15. Rfd1 Rad8 16. Qxa7 c5 17. Qa4 Rd6 18. Qf4 Rfd8 19. Rd3 Qa5 20. c4 d4 21. Bxb7 Qb6 22. Bf3 dxe3 23. Rxe3 Qa5 24. Rae1 Rd4 25. Qf5 h6 26. a4 Rd2 27. h3 Rb2 28. Re7 Rxb3 29. Bd5 Rf8 30. Bxf7+ Kh8 31. Bd5 Rb6 32. R1e2 Qxa4 33. R7e6 Rxe6 34. Rxe6 Nd7 35. Qg6 Qa1+ 36. Kh2 Qd4 37. Qg3 Rxf2 38. Rxh6+ gxh6 39. Qg8# 1-0

[Event "TUR-chT2"]
[Site "Konya"]
[Date "2018.07.11"]
[Round "3.13"]
[White "Ay, Riza Enes"]
[Black "Gokdemir, Hasan"]
[Result "1/2-1/2"]
[WhiteElo "1362"]
[BlackElo "1548"]
[PlyCount "62"]
[EventDate "2018.07.10"]
[EventType "team-swiss"]
[EventRounds "9"]
[EventCountry "TUR"]
[SourceTitle "EXT 2019"]
[Source "ChessBase"]
[SourceDate "2018.10.10"]
[SourceVersion "1"]
[SourceVersionDate "2018.10.10"]
[SourceQuality "1"]
[WhiteTeam "Burdur Belediyesi"]
[BlackTeam "Artvin Il Ozel"]
[WhiteTeamCountry "TUR"]
[BlackTeamCountry "TUR"]

1. e4 c5 2. Nc3 d6 3. f4 Nf6 4. Bb5+ Bd7 5. Bxd7+ Qxd7 6. d3 Nc6 7. Nf3 g6 8. 0-0 Bg7 9. Qe1 0-0 10. Qh4 Qg4 11. Qf2 Nh5 12. Ne2 Qd7 13. c3 Rae8 14. h3 e6 15. g4 Nf6 16. Ng3 Rc8 17. f5 Ne8 18. h4 Ne7 19. Ne1 d5 20. h5 h6 21. g5 exf5 22. exf5 Nxf5 23. Nxf5 Qxf5 24. Qxf5 gxf5 25. Rxf5 f6 26. Ng2 Kh7 27. Bd2 Rg8 28. Kf2 Nd6 29. Rf3 Rce8 30. Nh4 Nf7 31. Nf5 Nh8 1/2-1/2

[Event "TUR-chT2"]
[Site "Konya"]
[Date "2017.07.11"]
[Round "4.8"]
[White "Gokdemir, Hasan"]
[Black "Akin, Batikan Aybey"]
[Result "1/2-1/2"]
[WhiteElo "1580"]
[BlackElo "1520"]
[PlyCount "64"]
[EventDate "2017.07.09"]
[EventType "team-swiss"]
[EventRounds "9"]
[EventCountry "TUR"]
[SourceTitle "CBM 179 Extra"]
[Source "ChessBase"]
[SourceDate "2017.08.23"]
[SourceVersion "1"]
[SourceVersionDate "2017.08.23"]
[SourceQuality "1"]
[WhiteTeam "Cendosk Cendere Doga"]
[BlackTeam "Koycegiz Su Sporlari"]
[WhiteTeamCountry "TUR"]
[BlackTeamCountry "TUR"]

1. d4 Nf6 2. c4 g6 3. Nc3 Bg7 4. g3 0-0 5. Bg2 d6 6. e3 c6 7. Nge2 Nbd7 8. 0-0 Rb8 9. a4 Nb6 10. b3 d5 11. a5 Na8 12. cxd5 Nxd5 13. Nxd5 cxd5 14. Nc3 e6 15. Ba3 Re8 16. Nb5 Bf8 17. Bxf8 Rxf8 18. Nc3 Bd7 19. Re1 Rc8 20. Qd2 Bc6 21. Rec1 Qe7 22. Na4 Bxa4 23. Rxa4 Rc7 24. Ra2 Rfc8 25. Rac2 Rxc2 26. Rxc2 Rxc2 27. Qxc2 Qc7 28. Qxc7 Nxc7 29. e4 Nb5 30. exd5 Nxd4 31. dxe6 fxe6 32. b4 b6 1/2-1/2